000 00542nam a22001457a 4500
082 _a005
100 _aYamin, Muhammad Abubakar
245 _aAutomated System of HESS Screen for the Diagnosis of Paralytic Strabismus using Computer Aided Diagnosis /
_cMuhammad Abubakar Yamin.
260 _aIslamabad:
_bCEME - NUST,
_c2013.
300 _a97 p. :
_bill. ;
_c30cm.
650 _aComputer Engineering MS-Phd-Thesis.
_931525
700 _aDr. Shoab Ahmed Khan
_916053
942 _2ddc
_cTHE
999 _c536390
_d536390